000 00625nam a22001817a 4500
003 OSt
005 20260129161152.0
008 260129b |||||||| |||| 00| 0 eng d
020 _a0-030656273
040 _cChuka University Library
050 _aPC 2129
_b.J65 2003 V.2
100 _aHolt, Rinehart and Winston
_922873
245 _aIntermediate reader ;Joie de live! vol 2
260 _aNewyork
_bHarcourt education company
_c2003
300 _a133p.
650 _a1.French language ----readers 2.French language ----study and teaching 3.French language ----textbooks for foreign speakers
_922874
942 _2lcc
_cBK
_n0
999 _c21335
_d21335